000 00917nam a2200253Ia 4500
003 OSt
005 20220923214556.0
006 a|||||r|||| 00| 0
007 ta
008 220922b |||||||| |||| 00| 0 hin d
024 _a170,993
037 _cTextual
040 _aARTS
_cARTS
_bhin
041 _2hin
_ahin
082 _aO152,3N12,NI, J8
100 _aविष्णु प्रभाकर
_9156271
245 0 _aनिशिकांत
_b सामाजिक एवं राजनीतिक उपन्यास
246 _aNishikāanta: sāmājik evan rājanītik upanyāsa
260 _aदिल्ली
_b आत्माराम एण्ड संस
_c1958
300 _a303पृ.
_ccm.
650 _aहिन्दी साहित्य
_9156264
942 _hO152,3N12,NI, J8
_cTEXL
_2CC
999 _c325234
_d325234